• 首页
  • 本馆介绍
  • 公告通知
  • 最新文献
  • 馆藏检索
  • 电子资源
  • 读者导购
  • 参考咨询
  • 我的图书馆
  • 登录
  • 详细信息显示
  • 放入我的书架
  • 预约/预借图书
  • 作者相关作品
  • 分类相关作品
  • 丛书相关作品
  • 出版社相关作品

书目信息

  • 表格格式
  • 工作单格式
  • 卡片格式
题名:
开有益斋读书志
    
 
作者: 朱绪曾 撰 ;宋一明 整理
分册:  
出版信息: 上海   上海古籍出版社  2020.03
页数: 14, 215页
开本: 21cm
丛书名: 中国历代书目题跋丛书
单 册:
中图分类: Z842.49
科图分类:
主题词: 私人藏书--图书目录--中国--清代
电子资源:
ISBN: 978-7-5325-9478-8
000 01004oam2 2200265 450
001 0103152655
005 20201103152732.0
010    @a978-7-5325-9478-8@b精装@dCNY40.00
100    @a20200622d2020 em y0chiy50 ea
101 0  @achi
102    @aCN@b310000
105    @ay b 001yy
106    @ar
200 1  @a开有益斋读书志@Akai you yi zhai du shu zhi@f(清)朱绪曾撰@g宋一明整理
210    @a上海@c上海古籍出版社@d2020.03
215    @a14, 215页@d21cm
225 2  @a中国历代书目题跋丛书
330    @a本书包括《开有益斋读书志》六卷,后附《开有益斋读书续志》一卷。全书按照经史子集四部分类,四部下又分30小类。共收录文献170余种(其中《读书志》收录145种,《续志》收录30种)。此外,书中还涉及到对朝鲜、越南汉文文献的著述。
461  0 @12001 @a中国历代书目题跋丛书
606 0  @a私人藏书@x图书目录@y中国@z清代
690    @aZ842.49@v5
701  0 @c(清)@a朱绪曾@Azhu xu zeng@f(1805-1860)@4撰
702  0 @a宋一明@Asong yi ming@4整理
801  0 @aCN@bBJSZM@c20201103
905    @b1257091-5@dZ842.49@e5@f5
    
    开有益斋读书志/(清)朱绪曾撰/宋一明整理.-上海:上海古籍出版社,2020.03
    14, 215页;21cm.-(中国历代书目题跋丛书)
    
    
    ISBN 978-7-5325-9478-8(精装):CNY40.00
    本书包括《开有益斋读书志》六卷,后附《开有益斋读书续志》一卷。全书按照经史子集四部分类,四部下又分30小类。共收录文献170余种(其中《读书志》收录145种,《续志》收录30种)。此外,书中还涉及到对朝鲜、越南汉文文献的著述。
●
相关链接 在E读中查询图书 在五车中查询图书 在当当中查询图书 在豆瓣中查询图书


正题名:开有益斋读书志     索取号:Z842.49/5         预约/预借

序号 登录号 条形码 馆藏地/架位号 状态 备注
1 1257091   212570911   第二样本阅览室/ [索取号:Z842.49/5] 在馆    
2 1257092   212570920   教育系资料室/ [索取号:Z842.49/5] 在馆    
3 1257093   212570939   教育系资料室/ [索取号:Z842.49/5] 在馆    
4 1257094   212570948   第三借阅区/ [索取号:Z842.49/5] 在馆    
5 1257095   212570957   第三借阅区/ [索取号:Z842.49/5] 在馆    
唐山师范学院图书馆 欢迎您!
大连网信软件有限公司© 版权所有